| 000 | 00389cam a2200157ua 4500 | ||
|---|---|---|---|
| 003 | OSt | ||
| 008 | 241218b |||||||| |||| 00| 0 eng d | ||
| 041 | _aeng | ||
| 082 |
_a621.31 _bCOT/AP |
||
| 100 |
_aCotton, H . _96498 |
||
| 245 | _aApplied electricity / | ||
| 250 | _a6 / | ||
| 260 |
_aMelbourne,London : _bMacMillan and Company Limited , _c1966. |
||
| 300 | _a631 ; . | ||
| 942 | _cBK | ||
| 999 |
_c9584 _d9584 |
||